The People's almanac presents the book of lists : (Record no. 50511)
[ view plain ]
| 000 -LEADER | |
|---|---|
| fixed length control field | 00985cam a2200301 a 4500 |
| 003 - CONTROL NUMBER IDENTIFIER | |
| control field | IeDuTC |
| 005 - DATE AND TIME OF LATEST TRANSACTION | |
| control field | 20211116163854.0 |
| 008 - FIXED-LENGTH DATA ELEMENTS--GENERAL INFORMATION | |
| fixed length control field | 810828r19811980enkabc 001 0 eng |
| 015 ## - NATIONAL BIBLIOGRAPHY NUMBER | |
| National bibliography number | GB81-27822 |
| 020 ## - INTERNATIONAL STANDARD BOOK NUMBER | |
| International Standard Book Number | 0552116815 (pbk) : |
| Terms of availability | �1.95 |
| 035 00 - SYSTEM CONTROL NUMBER | |
| System control number | 429461 |
| 035 00 - SYSTEM CONTROL NUMBER | |
| System control number | 8138000813 |
| 039 00 - LEVEL OF BIBLIOGRAPHIC CONTROL AND CODING DETAIL [OBSOLETE] | |
| Level of rules in bibliographic description | PB- 31-594 |
| 040 ## - CATALOGING SOURCE | |
| Original cataloging agency | Uk |
| Language of cataloging | eng |
| Transcribing agency | Uk |
| Modifying agency | IeDuTC |
| 100 ## - MAIN ENTRY--PERSONAL NAME | |
| Personal name | Wallace, Irving. |
| Dates associated with a name | (1916-1990). |
| 245 04 - TITLE STATEMENT | |
| Title | The People's almanac presents the book of lists : |
| Remainder of title | 2. |
| Statement of responsibility, etc | by Irving Wallace, David Wallechinsky, Amy Wallace [and] Sylvia Wallace. |
| 260 ## - PUBLICATION, DISTRIBUTION, ETC. (IMPRINT) | |
| Place of publication, distribution, etc | London : |
| Name of publisher, distributor, etc | Corgi, |
| Date of publication, distribution, etc | 1981, c1980. |
| 300 ## - PHYSICAL DESCRIPTION | |
| Extent | xx,529p. : |
| Other physical details | ill., 1map,ports. ; |
| Dimensions | 18cm. |
| 500 ## - GENERAL NOTE | |
| General note | Originally published: London: Elm Tree, 1980. |
| 500 ## - GENERAL NOTE | |
| General note | Includes index. |
| 650 #0 - SUBJECT ADDED ENTRY--TOPICAL TERM | |
| Topical term or geographic name as entry element | Encyclopedias and dictionaries. |
| 653 ## - INDEX TERM--UNCONTROLLED | |
| Uncontrolled term | Miscellaneous facts |
| -- | American collections. |
| 700 ## - ADDED ENTRY--PERSONAL NAME | |
| Personal name | Wallechinsky, David |
| 700 ## - ADDED ENTRY--PERSONAL NAME | |
| Personal name | Wallace, Amy |
| 700 ## - ADDED ENTRY--PERSONAL NAME | |
| Personal name | Wallace, Sylvia |
| 942 ## - ADDED ENTRY ELEMENTS (KOHA) | |
| Source of classification or shelving scheme | Library of Congress Classification |
| Item type | Books |
| 945 ## - LOCAL PROCESSING INFORMATION (OCLC) | |
| a | PB- 31-594 |
| Withdrawn status | Lost status | Source of classification or shelving scheme | Damaged status | Not for loan | Home library | Current library | Shelving location | Date acquired | Source of acquisition | Inventory number | Total Checkouts | Full call number | Barcode | Date last seen | Price effective from | Koha item type |
|---|---|---|---|---|---|---|---|---|---|---|---|---|---|---|---|---|
| Library of Congress Classification | BSOP Library | BSOP Library | Reference | 11/16/2021 | UEC Pasay | 7809 | AG5 W15 1981 | 00020371 | 11/16/2021 | 11/16/2021 | Books |
